[Event "FIN-chT 1516"]
[Site "Finland"]
[Date "2015.10.11"]
[Round "4.4"]
[White "Eriksson, Jon"]
[Black "Kokkila, Tero"]
[Result "0-1"]
[WhiteElo "2146"]
[BlackElo "2304"]
[PlyCount "124"]
[EventDate "2015.09.12"]
[EventType "team-tourn"]
[EventRounds "11"]
[EventCountry "FIN"]
[SourceTitle "EXT 2017"]
[Source "ChessBase"]
[SourceDate "2016.10.25"]
[SourceVersion "1"]
[SourceVersionDate "2016.10.25"]
[SourceQuality "1"]
[WhiteTeam "Helsinki Garde"]
[BlackTeam "Vantaa EtVaS"]
[WhiteTeamCountry "FIN"]
[BlackTeamCountry "FIN"]

1. Nf3 Nf6 2. c4 c6 3. Nc3 d5 4. d4 a6 5. cxd5 cxd5 6. Bf4 Nc6 7. e3 Qb6 8. a3 e6 9. Bd3 Be7 10. 0-0 Qd8 11. Ne5 0-0 12. Nxc6 bxc6 13. Na4 Bd6 14. Bxd6 Qxd6 15. f4 g6 16. Rc1 a5 17. Nc5 Nd7 18. Qa4 Qc7 19. Rf2 Nxc5 20. Rxc5 Bd7 21. Qd1 Rfb8 22. Rfc2 Rb6 23. Qd2 a4 24. Ra5 Qb7 25. Rxa8+ Qxa8 26. Qc3 Rb3 27. Qd2 Qb8 28. Kf2 Kg7 29. Ke1 f6 30. Kd1 e5 31. g3 exd4 32. exd4 Qb6 33. Qe3 Kf7 34. Kc1 Bf5 35. Re2 Qd8 36. Rd2 Qb8 37. Qe2 Bxd3 38. Rxd3 Qb5 39. Re3 Rxe3 40. Qxe3 Qf1+ 41. Kc2 Qg2+ 42. Qd2 Qe4+ 43. Kc3 c5 44. Qd3 Qe1+ 45. Kc2 c4 46. Qd2 Qe4+ 47. Kc3 Qe7 48. Kc2 h5 49. Qf2 Ke8 50. Kd2 Qb7 51. Qe3+ Kd7 52. Kc1 Qb3 53. Qc3 Qxc3+ 54. bxc3 Ke6 55. Kd2 Kf5 56. Ke3 Kg4 57. Kf2 Kh3 58. Kf3 Kxh2 59. g4 hxg4+ 60. Kxg4 f5+ 61. Kh4 Kg2 62. Kg5 Kf3 0-1

[Event "FIN-chT1A 0708"]
[Site "Finland"]
[Date "2008.01.12"]
[Round "5.5"]
[White "Mashiri, Arthur"]
[Black "Eriksson, Jon"]
[Result "0-1"]
[WhiteElo "1991"]
[BlackElo "2207"]
[PlyCount "130"]
[EventDate "2007.09.15"]
[EventType "team-tourn"]
[EventRounds "7"]
[EventCountry "FIN"]
[SourceTitle "EXT 2022"]
[Source "ChessBase"]
[SourceDate "2021.10.06"]
[SourceVersion "1"]
[SourceVersionDate "2021.10.06"]
[SourceQuality "1"]
[WhiteTeam "Turku SY"]
[BlackTeam "Helsinki Garde"]
[WhiteTeamCountry "FIN"]
[BlackTeamCountry "FIN"]

1. Nf3 d5 2. g3 Nf6 3. Bg2 Bg4 4. c4 c6 5. cxd5 cxd5 6. 0-0 Nc6 7. d4 e6 8. Qa4 Be7 9. h3 Bh5 10. Nc3 0-0 11. g4 Bg6 12. Nh4 a6 13. Nxg6 hxg6 14. Qd1 b5 15. Bf4 Rc8 16. e3 Na5 17. Qd3 Nc4 18. Rab1 Qa5 19. Rfc1 b4 20. Nd1 Qb6 21. Rc2 Rc6 22. Rbc1 Rfc8 23. g5 Nh5 24. Bh2 Bxg5 25. f4 Bf6 26. Bf3 Nd6 27. Nf2 Bh4 28. Ng4 Ng3 29. Ne5 Rxc2 30. Rxc2 Rxc2 31. Qxc2 Ngf5 32. Qc1 Bd8 33. b3 a5 34. Nd7 Qc7 35. Nc5 Nb5 36. Kf2 Nc3 37. Qd2 Be7 38. Nd3 Nd6 39. Kg2 Nce4 40. Qe2 Nf5 41. Bxe4 dxe4 42. Nf2 Nd6 43. Bg1 Qc6 44. Nd1 Nb5 45. Bf2 g5 46. fxg5 Bxg5 47. Nb2 Nc3 48. Qc2 Qb5 49. Nc4 Qf5 50. a3 Qf3+ 51. Kg1 Bd8 52. axb4 axb4 53. Ne5 Qxh3 54. Nc6 Qg4+ 55. Kf1 Qh3+ 56. Ke1 Qh1+ 57. Kd2 Qf1 58. Be1 Qe2+ 59. Kc1 Qxe1+ 60. Kb2 Nd1+ 61. Ka2 Bf6 62. Nxb4 Nxe3 63. Qxe4 Qxb4 64. Qxe3 Qxd4 65. Qe2 Qa1# 0-1

[Event "Helsinki We HSL 03 op"]
[Site "Helsinki"]
[Date "2008.??.??"]
[Round "7"]
[White "Jarvinen, Rauno"]
[Black "Eriksson, Jon"]
[Result "1/2-1/2"]
[WhiteElo "2017"]
[BlackElo "2207"]
[PlyCount "80"]
[EventDate "2008.03.??"]
[EventType "swiss"]
[EventRounds "7"]
[EventCountry "FIN"]
[SourceTitle "EXT 2010"]
[Source "ChessBase"]
[SourceDate "2010.11.25"]
[SourceVersion "1"]
[SourceVersionDate "2010.11.25"]
[SourceQuality "1"]

1. e4 Nf6 2. Nc3 d5 3. e5 d4 4. exf6 dxc3 5. fxg7 cxd2+ 6. Qxd2 Qxd2+ 7. Bxd2 Bxg7 8. 0-0-0 Bf5 9. Nf3 Nd7 10. Bf4 0-0-0 11. Bc4 e6 12. Ng5 Rdf8 13. Bd3 h6 14. Ne4 Ne5 15. Bxe5 Bxe5 16. Ng3 Bxd3 17. Rxd3 Rd8 18. Rhd1 Bf4+ 19. Kb1 Rxd3 20. Rxd3 Rd8 21. Rxd8+ Kxd8 22. Nf1 b5 23. c4 bxc4 24. g3 Be5 25. Kc2 Ke7 26. Nd2 Bd4 27. f3 Bg1 28. h3 Bf2 29. g4 f5 30. Nxc4 Kf6 31. Kd3 Kg5 32. Ne5 Kf4 33. Nf7 Kxf3 34. g5 hxg5 35. Nxg5+ Kg3 36. Nxe6 Kxh3 37. Nxc7 f4 38. Ke4 Kg3 39. Ne6 Be3 40. Ng5 Kf2 1/2-1/2

[Event "FIN-chT1A 0708"]
[Site "Finland"]
[Date "2007.11.18"]
[Round "4.5"]
[White "Eriksson, Jon"]
[Black "Kopsa, Petri"]
[Result "1-0"]
[WhiteElo "2207"]
[BlackElo "2076"]
[PlyCount "111"]
[EventDate "2007.09.15"]
[EventType "team-tourn"]
[EventRounds "7"]
[EventCountry "FIN"]
[SourceTitle "EXT 2022"]
[Source "ChessBase"]
[SourceDate "2021.10.06"]
[SourceVersion "1"]
[SourceVersionDate "2021.10.06"]
[SourceQuality "1"]
[WhiteTeam "Helsinki Garde"]
[BlackTeam "Espoo MatSK II"]
[WhiteTeamCountry "FIN"]
[BlackTeamCountry "FIN"]

1. Nf3 Nf6 2. c4 c5 3. Nc3 g6 4. e4 Nc6 5. d4 cxd4 6. Nxd4 d6 7. Be2 Nxd4 8. Qxd4 Bg7 9. Bg5 0-0 10. Qd2 Be6 11. Rc1 Qa5 12. 0-0 Rfc8 13. b3 a6 14. Rfd1 Qe5 15. Be3 Qa5 16. Bf3 Rc7 17. Na4 Qxd2 18. Bxd2 Bg4 19. Be3 Bxf3 20. gxf3 Nd7 21. c5 Nxc5 22. Nxc5 dxc5 23. Rxc5 Rxc5 24. Bxc5 e6 25. Bb6 Be5 26. Rd7 Rb8 27. Ba7 Rc8 28. Rxb7 Rc7 29. Rxc7 Bxc7 30. h3 Kf8 31. Kf1 Ke7 32. Ke2 Kd7 33. Kd3 Kc6 34. Kc4 Bd6 35. b4 Bc7 36. a4 Bd6 37. Be3 Bc7 38. b5+ axb5+ 39. axb5+ Kb7 40. Kc5 Ba5 41. Kd6 Bb4+ 42. Bc5 Bc3 43. Ke7 e5 44. Kxf7 Bd4 45. Bd6 Kb6 46. Kf6 Kxb5 47. Bxe5 Bxf2 48. Bf4 Kc4 49. e5 Kd3 50. Bh6 Ke2 51. f4 Kf3 52. e6 Bc5 53. e7 Bxe7+ 54. Kxe7 Kg3 55. Kf6 Kxh3 56. Kg7 1-0

[Event "FIN-chT 0607"]
[Site "Finland"]
[Date "2007.02.10"]
[Round "7.5"]
[White "Eriksson, Jon"]
[Black "Mertanen, Janne"]
[Result "0-1"]
[WhiteElo "2207"]
[BlackElo "2284"]
[PlyCount "74"]
[EventDate "2006.09.14"]
[EventType "team-tourn"]
[EventRounds "9"]
[EventCountry "FIN"]
[SourceTitle "EXT 2022"]
[Source "ChessBase"]
[SourceDate "2021.10.06"]
[SourceVersion "1"]
[SourceVersionDate "2021.10.06"]
[SourceQuality "1"]
[WhiteTeam "Helsinki Garde"]
[BlackTeam "Tampere OpusCapita"]
[WhiteTeamCountry "FIN"]
[BlackTeamCountry "FIN"]

1. Nf3 c5 2. c4 Nc6 3. d4 cxd4 4. Nxd4 g6 5. e4 Bg7 6. Be3 d6 7. Nc3 Nf6 8. Be2 0-0 9. 0-0 Nxd4 10. Bxd4 Be6 11. Rc1 Rc8 12. b3 a6 13. Qd2 Nd7 14. f4 Bxd4+ 15. Qxd4 Qb6 16. Qxb6 Nxb6 17. f5 Bd7 18. f6 Rfe8 19. Rcd1 Rc6 20. fxe7 Rxe7 21. Bf3 Re5 22. Rd2 Nc8 23. Nd5 Kg7 24. Rfd1 Be6 25. Nb4 Rc7 26. Nd3 Ra5 27. Kf2 b5 28. b4 Ra3 29. c5 a5 30. Rb1 Rxa2 31. Ke3 Ra3 32. Kd4 axb4 33. Rxb4 Bc4 34. cxd6 Nxd6 35. Ne5 Be6 36. Nd3 Nc4 37. Rd1 Rd7+ 0-1

[Event "FIN-chT 0506"]
[Site "Finland"]
[Date "2006.01.14"]
[Round "6.7"]
[White "Eriksson, Jon"]
[Black "Kosmo, Santul"]
[Result "1/2-1/2"]
[WhiteElo "2205"]
[BlackElo "2262"]
[PlyCount "61"]
[EventDate "2005.09.10"]
[EventType "team-tourn"]
[EventRounds "9"]
[EventCountry "FIN"]
[SourceTitle "EXT 2022"]
[Source "ChessBase"]
[SourceDate "2021.10.06"]
[SourceVersion "1"]
[SourceVersionDate "2021.10.06"]
[SourceQuality "1"]
[WhiteTeam "Helsinki Gaia"]
[BlackTeam "Joensuu SK"]
[WhiteTeamCountry "FIN"]
[BlackTeamCountry "FIN"]

1. Nf3 Nf6 2. c4 c5 3. Nc3 e6 4. e4 Nc6 5. Be2 d5 6. exd5 exd5 7. d4 dxc4 8. d5 Ne7 9. Bxc4 Nf5 10. Bb5+ Bd7 11. 0-0 Bxb5 12. Nxb5 a6 13. Qe2+ Be7 14. d6 Nxd6 15. Nxd6+ Qxd6 16. Re1 Nd5 17. Bg5 f6 18. Rad1 0-0-0 19. Bh4 Rhe8 20. Bg3 Qc6 21. Qc4 g5 22. Qc2 Nc7 23. Qxh7 b5 24. b3 Kb7 25. Qf5 Rxd1 26. Rxd1 Rd8 27. Re1 Rd7 28. h3 Qd5 29. Qc2 Ne6 30. Qh7 Bd8 31. Qg6 1/2-1/2

[Event "FIN-chT 0506"]
[Site "Finland"]
[Date "2005.11.12"]
[Round "5.5"]
[White "Kapanen, Konstantin"]
[Black "Eriksson, Jon"]
[Result "1/2-1/2"]
[WhiteElo "2028"]
[BlackElo "2205"]
[PlyCount "76"]
[EventDate "2005.09.10"]
[EventType "team-tourn"]
[EventRounds "9"]
[EventCountry "FIN"]
[SourceTitle "EXT 2022"]
[Source "ChessBase"]
[SourceDate "2021.10.06"]
[SourceVersion "1"]
[SourceVersionDate "2021.10.06"]
[SourceQuality "1"]
[WhiteTeam "Tampere Tammer"]
[BlackTeam "Helsinki Gaia"]
[WhiteTeamCountry "FIN"]
[BlackTeamCountry "FIN"]

1. e4 Nf6 2. d3 d5 3. Nd2 e5 4. Ngf3 Nbd7 5. g3 c6 6. Bg2 Bd6 7. 0-0 0-0 8. c3 Re8 9. Qc2 a5 10. Re1 Nc5 11. Nf1 h6 12. h3 Qc7 13. g4 dxe4 14. dxe4 Be6 15. Ng3 Bf8 16. Be3 Bc4 17. Bf1 Bxf1 18. Kxf1 Ne6 19. Rad1 Rad8 20. Nf5 Kh7 21. g5 Nh5 22. Qb3 b5 23. a4 Rb8 24. Re2 Red8 25. Red2 Nhf4 26. Bxf4 exf4 27. Rxd8 Rxd8 28. Rxd8 Qxd8 29. g6+ Kxg6 30. Ne5+ Kh7 31. axb5 cxb5 32. Qxb5 Qd1+ 33. Kg2 f3+ 34. Nxf3 Nf4+ 35. Kg3 Nh5+ 36. Kg2 Nf4+ 37. Kg3 Nh5+ 38. Kg2 Nf4+ 1/2-1/2

[Event "FIN-chT 0506"]
[Site "Finland"]
[Date "2005.10.09"]
[Round "4.3"]
[White "Eriksson, Jon"]
[Black "Franssila, Tommi"]
[Result "1-0"]
[WhiteElo "2205"]
[BlackElo "2273"]
[PlyCount "89"]
[EventDate "2005.09.10"]
[EventType "team-tourn"]
[EventRounds "9"]
[EventCountry "FIN"]
[SourceTitle "EXT 2022"]
[Source "ChessBase"]
[SourceDate "2021.10.06"]
[SourceVersion "1"]
[SourceVersionDate "2021.10.06"]
[SourceQuality "1"]
[WhiteTeam "Helsinki Gaia"]
[BlackTeam "Jyvaskyla JyS"]
[WhiteTeamCountry "FIN"]
[BlackTeamCountry "FIN"]

1. Nf3 c5 2. c4 Nf6 3. Nc3 g6 4. e4 Bg7 5. d4 cxd4 6. Nxd4 d6 7. Be2 0-0 8. 0-0 Nc6 9. Be3 Ng4 10. Bxg4 Bxg4 11. Nxc6 Bxd1 12. Nxd8 Bg4 13. Nxb7 Rfb8 14. Na5 Rxb2 15. Rac1 Kf8 16. f3 Bd7 17. Rf2 Rb4 18. Rfc2 f5 19. c5 fxe4 20. cxd6 exd6 21. Nxe4 Ra4 22. Nb3 Bf5 23. Rd1 Bxe4 24. fxe4 Rxe4 25. Bf2 Be5 26. Rc7 Kg8 27. Bd4 Rf8 28. Bxe5 Rxe5 29. Nd4 Rf4 30. Nf3 Ra5 31. Rd2 Rfa4 32. Rcc2 d5 33. Nd4 Rb4 34. Kf2 Rb1 35. Nb3 Rb5 36. Rc8+ Kg7 37. Rc7+ Kh6 38. Rxa7 Rh1 39. h3 g5 40. Nd4 Rbb1 41. Nf3 Rhf1+ 42. Kg3 Rb5 43. Rd7 Ra1 44. Re2 Kg6 45. Re6+ 1-0

[Event "Helsinki-ch"]
[Site "Helsinki"]
[Date "2004.??.??"]
[Round "1"]
[White "Norri, Joose"]
[Black "Eriksson, Jon"]
[Result "0-1"]
[WhiteElo "2421"]
[BlackElo "2178"]
[PlyCount "82"]
[EventDate "2004.12.27"]
[EventType "tourn"]
[EventRounds "9"]
[EventCountry "FIN"]
[SourceTitle "EXT 2009"]
[Source "ChessBase"]
[SourceDate "2008.11.26"]
[SourceVersion "1"]
[SourceVersionDate "2008.11.26"]
[SourceQuality "1"]

1. d4 d5 2. c4 e6 3. Nc3 c6 4. e4 dxe4 5. Nxe4 Bb4+ 6. Bd2 Qxd4 7. Bxb4 Qxe4+ 8. Be2 Nd7 9. Nf3 c5 10. Bc3 Ne7 11. Bxg7 Rg8 12. Bc3 Rxg2 13. Qd3 Qxd3 14. Bxd3 f6 15. Bxh7 e5 16. Be4 Rg4 17. Nd2 Nf8 18. f3 Rh4 19. 0-0-0 Rb8 20. Bc2 Bf5 21. Ne4 Bxe4 22. Bxe4 b6 23. Rd6 Kf7 24. Be1 Rh6 25. Bg3 Neg6 26. Rhd1 Rc8 27. Rd8 Rc7 28. Ra8 Ne6 29. Rd6 Ne7 30. a4 Rh5 31. Bd5 Nxd5 32. cxd5 Nd4 33. Rdd8 Rh7 34. d6 Rb7 35. Re8 Kg6 36. Rg8+ Kf5 37. a5 Nxf3 38. a6 Rbd7 39. b4 Nd4 40. bxc5 Nb3+ 41. Kb2 Nxc5 0-1

[Event "Helsinki-ch"]
[Site "Helsinki"]
[Date "2004.??.??"]
[Round "3"]
[White "Tiitta, Sauli"]
[Black "Eriksson, Jon"]
[Result "1/2-1/2"]
[WhiteElo "2208"]
[BlackElo "2178"]
[PlyCount "64"]
[EventDate "2004.12.27"]
[EventType "tourn"]
[EventRounds "9"]
[EventCountry "FIN"]
[SourceTitle "EXT 2009"]
[Source "ChessBase"]
[SourceDate "2008.11.26"]
[SourceVersion "1"]
[SourceVersionDate "2008.11.26"]
[SourceQuality "1"]

1. e4 Nf6 2. e5 Nd5 3. d4 d6 4. Nf3 c6 5. Be2 Bg4 6. Ng5 Bf5 7. Bg4 Bxg4 8. Qxg4 e6 9. Qh5 g6 10. Qf3 Qc7 11. exd6 Bxd6 12. Nd2 Bf4 13. Nde4 Bxc1 14. Rxc1 h6 15. Nh3 Nd7 16. c4 Ne7 17. Qa3 c5 18. Nxc5 Nxc5 19. Qxc5 Qxc5 20. dxc5 0-0-0 21. Ke2 Rd4 22. Rhd1 Rhd8 23. Rxd4 Rxd4 24. f3 Rh4 25. Kf2 Nc6 26. a3 Ne5 27. Ke2 Rxc4 28. Rxc4 Nxc4 29. Kd3 Nxb2+ 30. Kc3 Nd1+ 31. Kd2 Nb2 32. Kc3 Nd1+ 1/2-1/2

[Event "FIN-chT 0203"]
[Site "Finland"]
[Date "2003.03.15"]
[Round "8.8"]
[White "Eriksson, Jon"]
[Black "Sisatto, Olli"]
[Result "1-0"]
[WhiteElo "2143"]
[BlackElo "2227"]
[PlyCount "55"]
[EventDate "2002.10.21"]
[EventType "team-tourn"]
[EventRounds "9"]
[EventCountry "FIN"]
[SourceTitle "EXT 2004"]
[Source "ChessBase"]
[SourceDate "2003.11.25"]
[SourceVersion "1"]
[SourceVersionDate "2003.11.25"]
[SourceQuality "1"]
[WhiteTeam "Helsinki Gaia"]
[BlackTeam "Tampere Taraus"]
[WhiteTeamCountry "FIN"]
[BlackTeamCountry "FIN"]

1. Nf3 d5 2. d4 c5 3. c4 dxc4 4. d5 e6 5. Nc3 Nf6 6. e4 exd5 7. e5 Be6 8. exf6 gxf6 9. g3 Nc6 10. Bg2 Qd7 11. 0-0 0-0-0 12. Bf4 Nb4 13. Ne1 d4 14. Ne2 h5 15. a3 Nd5 16. h4 Rg8 17. Qd2 Re8 18. Nf3 Bh3 19. Rfe1 Bxg2 20. Kxg2 Qf5 21. Kh2 Re4 22. Nexd4 cxd4 23. Nxd4 Qg6 24. Rxe4 Qxe4 25. Re1 Qd3 26. Qa5 Qxd4 27. Re8+ Kd7 28. Qb5# 1-0

[Event "Helsinki-ch"]
[Site "Helsinki"]
[Date "2003.??.??"]
[Round "8"]
[White "Eriksson, Jon"]
[Black "Kekki, Jorma J"]
[Result "0-1"]
[WhiteElo "2121"]
[BlackElo "2177"]
[PlyCount "100"]
[EventDate "2003.01.??"]
[EventType "swiss"]
[EventRounds "9"]
[EventCountry "FIN"]
[SourceTitle "EXT 2004"]
[Source "ChessBase"]
[SourceDate "2003.11.25"]
[SourceVersion "1"]
[SourceVersionDate "2003.11.25"]
[SourceQuality "1"]

1. Nf3 d5 2. d4 e6 3. c4 Be7 4. Nc3 Nf6 5. Bg5 h6 6. Bh4 0-0 7. e3 b6 8. Rc1 Bb7 9. Bxf6 Bxf6 10. cxd5 exd5 11. Bd3 Nd7 12. Qa4 a6 13. Bf5 b5 14. Qc2 g6 15. Bh3 Bg7 16. 0-0 f5 17. g3 Rc8 18. Bg2 c5 19. dxc5 Nxc5 20. Rfd1 Kh7 21. Qb1 Ne4 22. Ne2 Qa5 23. Rxc8 Rxc8 24. Nf4 Qb4 25. Nd3 Qe7 26. Rc1 Nc5 27. Nxc5 Rxc5 28. Rd1 Qc7 29. Ne1 a5 30. b3 b4 31. Nd3 Rc2 32. Nf4 Rb2 33. Qd3 Rxa2 34. Ne6 Qc2 35. Qxc2 Rxc2 36. Bxd5 Ba6 37. Nxg7 Kxg7 38. Bf3 Bb5 39. Ra1 a4 40. bxa4 b3 41. Rb1 b2 42. Bd1 Rc1 43. Rxb2 Rxd1+ 44. Kg2 Bxa4 45. Rb6 Rc1 46. f4 Bc6+ 47. Kh3 Rc2 48. Rb8 Bf3 49. g4 fxg4+ 50. Kg3 g5 0-1

[Event "FIN-chT 0203"]
[Site "Finland"]
[Date "2002.10.20"]
[Round "3.7"]
[White "Eriksson, Jon"]
[Black "Turunen, Markus"]
[Result "0-1"]
[WhiteElo "2143"]
[BlackElo "2103"]
[PlyCount "90"]
[EventDate "2002.10.21"]
[EventType "team-tourn"]
[EventRounds "9"]
[EventCountry "FIN"]
[SourceTitle "EXT 2004"]
[Source "ChessBase"]
[SourceDate "2003.11.25"]
[SourceVersion "1"]
[SourceVersionDate "2003.11.25"]
[SourceQuality "1"]
[WhiteTeam "Helsinki Gaia"]
[BlackTeam "Joensuu SK"]
[WhiteTeamCountry "FIN"]
[BlackTeamCountry "FIN"]

1. Nf3 d5 2. d4 Nf6 3. c4 c6 4. Nc3 e6 5. Bg5 h6 6. Bxf6 Qxf6 7. e3 Nd7 8. Bd3 Qd8 9. 0-0 Be7 10. Qe2 0-0 11. e4 dxe4 12. Nxe4 Re8 13. Rfd1 Qc7 14. a3 a5 15. Qd2 Nf8 16. Qc3 Bd7 17. c5 b5 18. cxb6 Qxb6 19. Ne5 Reb8 20. Rab1 Be8 21. Nc5 a4 22. Bc2 Qb5 23. Bd3 Qa5 24. Qxa5 Rxa5 25. Nc4 Raa8 26. Be4 Rb5 27. b4 axb3 28. Rxb3 Rd8 29. Rxb5 cxb5 30. Ne3 e5 31. Nb3 exd4 32. Nc2 Ne6 33. Bf5 Nf4 34. Kf1 g6 35. Bg4 f5 36. Bf3 Bf7 37. Nbxd4 Bc4+ 38. Kg1 Bc5 39. g3 Nd3 40. Be2 Bxd4 41. Kg2 Bb6 42. Rb1 Nf4+ 43. gxf4 Bxe2 44. Re1 Rd2 45. Nb4 Bc4 0-1

[Event "Helsinki op"]
[Site "Helsinki"]
[Date "2002.??.??"]
[Round "1"]
[White "Peltola, Leo"]
[Black "Eriksson, Jon"]
[Result "1/2-1/2"]
[WhiteElo "2057"]
[BlackElo "2143"]
[PlyCount "103"]
[EventDate "2002.12.??"]
[EventType "swiss"]
[EventRounds "5"]
[EventCountry "FIN"]
[SourceTitle "EXT 2004"]
[Source "ChessBase"]
[SourceDate "2003.11.25"]
[SourceVersion "1"]
[SourceVersionDate "2003.11.25"]
[SourceQuality "1"]

1. e4 Nf6 2. e5 Nd5 3. d4 d6 4. Nf3 Bg4 5. Be2 c6 6. 0-0 Bxf3 7. Bxf3 dxe5 8. dxe5 e6 9. Qe2 Nd7 10. c4 Ne7 11. Bg5 Qc7 12. Bxe7 Bxe7 13. Re1 Bb4 14. Nc3 Bxc3 15. bxc3 Nc5 16. Qe3 Qa5 17. Bd1 0-0-0 18. Bc2 Rd7 19. h4 h5 20. Red1 Rhd8 21. Rd4 Na4 22. Bxa4 Qxa4 23. Rxd7 Rxd7 24. Qe2 g6 25. Rb1 Qa5 26. Rb4 Qa3 27. Qc2 Qa5 28. Qe2 Qd8 29. g3 Rd2 30. Qf3 Qd7 31. Rb1 Qd3 32. Qxd3 Rxd3 33. Rb3 Rd1+ 34. Kg2 Re1 35. Ra3 Kb8 36. f4 Re4 37. Ra4 b5 38. Kf3 Rxc4 39. Rxc4 bxc4 40. g4 Kc7 41. gxh5 gxh5 42. Ke4 c5 43. f5 Kd7 44. Kf4 exf5 45. Kxf5 Ke7 46. Ke4 Ke6 47. Kf4 f6 48. exf6 Kxf6 49. Ke4 Ke6 50. Kf4 Kf6 51. Ke4 Ke6 52. Kf4 1/2-1/2

[Event "FIN-chT 0102"]
[Site "Finland"]
[Date "2001.10.21"]
[Round "3.4"]
[White "Eriksson, Jon"]
[Black "Nouro, Mikael"]
[Result "1/2-1/2"]
[WhiteElo "2291"]
[BlackElo "2385"]
[PlyCount "81"]
[EventDate "2001.09.21"]
[EventType "team-tourn"]
[EventRounds "9"]
[EventCountry "FIN"]
[SourceTitle "EXT 2022"]
[Source "ChessBase"]
[SourceDate "2021.10.06"]
[SourceVersion "1"]
[SourceVersionDate "2021.10.06"]
[SourceQuality "1"]
[WhiteTeam "Helsinki Gaia"]
[BlackTeam "Helsinki Garde"]
[WhiteTeamCountry "FIN"]
[BlackTeamCountry "FIN"]

1. d4 Nf6 2. c4 c5 3. d5 e6 4. Nc3 exd5 5. cxd5 Bd6 6. g3 0-0 7. Bg2 Re8 8. Nf3 Bc7 9. 0-0 d6 10. Nd2 a6 11. a4 Nbd7 12. Nc4 Ne5 13. Na3 Bd7 14. f4 Ng6 15. Qd3 Ba5 16. Nc4 b5 17. axb5 axb5 18. Rxa5 Rxa5 19. Nxd6 Re7 20. Be3 Qb6 21. b4 Ra6 22. Bxc5 Qb8 23. Ndxb5 Bxb5 24. Nxb5 Rb7 25. Nd4 Ra4 26. d6 Rbxb4 27. Bxb4 Qxb4 28. Nc6 Qc5+ 29. e3 Nf8 30. h3 Ra3 31. Qd4 Qxd4 32. exd4 Rxg3 33. Ne5 Ra3 34. Rc1 Ra4 35. Rc4 Rxc4 36. Nxc4 Ne6 37. Ne5 Nxf4 38. d7 Nxd7 39. Nxd7 Ne2+ 40. Kf2 Nxd4 41. Ke3 1/2-1/2

[Event "Nordic-ch"]
[Site "Bergen"]
[Date "2001.08.06"]
[Round "3"]
[White "Eriksson, Jon"]
[Black "Porper, Edward"]
[Result "1-0"]
[WhiteElo "2245"]
[BlackElo "2436"]
[PlyCount "80"]
[EventDate "2001.08.04"]
[EventType "swiss"]
[EventRounds "9"]
[EventCountry "NOR"]
[SourceTitle "CBM 083 Extra"]
[Source "ChessBase"]
[SourceDate "2001.09.11"]
[SourceVersion "1"]
[SourceVersionDate "2001.09.11"]
[SourceQuality "1"]

1. c4 c6 2. Nf3 d5 3. d4 Nf6 4. Nc3 e6 5. e3 Nbd7 6. Qc2 Bd6 7. g4 Nxg4 8. Rg1 Nh6 9. e4 dxe4 10. Nxe4 Bb4+ 11. Bd2 Bxd2+ 12. Qxd2 Nf5 13. Bh3 Nf6 14. Nc3 g6 15. 0-0-0 Nd6 16. Ne5 Qe7 17. Rge1 0-0 18. Qh6 Nh5 19. c5 Ne8 20. Rg1 Nhg7 21. Ne4 f6 22. Rxg6 b6 23. Rdg1 bxc5 24. R1g4 hxg6 25. Nxg6 Kf7 26. Nxe7 Kxe7 27. Nxc5 Nf5 28. Qd2 Rh8 29. Bg2 Bd7 30. Qb4 Ned6 31. Nxd7 Kxd7 32. Qc5 Ne7 33. Rg7 Rhc8 34. h4 Rc7 35. Bh3 Rb8 36. a4 Rb3 37. Bg2 Rb6 38. h5 Ndf5 39. Rh7 Ke8 40. Be4 Rd7 1-0